000 00636nam a2200229Ia 4500
003 OSt
005 20220923230618.0
006 a|||||r|||| 00| 0
007 ta
008 Pun
024 _a284,225
037 _cTextual
040 _aARTS
_cARTS
_bPun
041 _2Pun
_aPun
082 _aO153,2NNE,CD, M7
100 _aਨੀਲਗਿਰੀ, ਤਰਸੇਮ ਸਿੰਘ
245 0 _aਛੜਿਆਂ ਦਾ ਗੀਤ
260 _c1987
650 _aਪੰਜਾਬੀ ਸਾਹਿਤ
942 _hO153,2NNE,CD, M7
_cTEXL
_2CC
999 _c386039
_d386039